Boybands Quiz - Statistics

General Stats
  • This quiz has been taken 280 times
    273 since last reset
  • The average score is 21 of 57
Answer Stats
Band Members Boyband % Correct
Niall Louis Liam Zayn and Harry One Direction
92%
John Paul George and Ringo The Beatles
92%
Kevin AJ Brian Howie and Nick Backstreet Boys
80%
Lance JC Joey Chris and Justin NSync
76%
J Abs Sean Scott and Richie 5ive
74%
Jermaine Tito Randy Marlon Michael and Jackie The Jacksons
73%
Michael Nathan Wanya and Shawn Boyz II Men
65%
Joe Kevin and Nick Jonas Brothers
65%
Robbie Mark Howard Jason and Gary Take That
62%
Brian Kian Nicky Mark and Shane Westlife
62%
Roger John Brian and Freddie Queen
59%
Keith Shane Mikey Stephen and Ronan Boyzone
57%
The Edge Adam Larry and Bono U2
54%
Lee Simon Antony and Duncan Blue
51%
Charlie Ronnie Keith and Mick The Rolling Stones
48%
Jonathan Jordan Danny Mark and Donnie New Kids On The Block
45%
Paul Paul Tony Noel and Liam Oasis
45%
Tom Jay Siva Nathan and Max The Wanted
45%
Marvin Oritse JB and Aston JLS
44%
Andy Henry Stewart and Sting The Police
44%
Andrew and George Wham
44%
Zac Taylor and Isaac Hanson
42%
Dougie Harry Tom and Danny McFly
42%
Charlie James and Matt Busted
40%
Maurice Robin and Barry The Bee Gees
40%
Michael Ashton Calum and Luke 5 5 Seconds Of Summer
38%
Alan Wayne Merill Jay Donny and Jimmy The Osmonds
36%
Krist Dave and Kurt Nirvana
35%
Tristan Connor James and Bradley The Vamps
32%
Mark Paul Christian and Ben A1
31%
Michael Peter Micky and Davy The Monkees
29%
Justin Jeff Drew and Nick 98 Degrees
27%
Al Mike David Bruce and Brian The Beach Boys
27%
Jimmy Spike and Lee 911
26%
Graham Dave Alex and Damon Blur
25%
John Terry Tony and Brian East 17
25%
George Jaymi JJ Casey and Josh Union J
25%
Jim Don Dave and Noddy Slade
24%
Pete Keith John and Roger The Who
23%
TJ Taj and Taryll 3T
22%
Craig Matt and Luke Bros
22%
Erik-Michael Trevor Jacob Dan and Ashley O Town
22%
Bobak Wayne Mark and Dane Another Level
20%
Daniel and Darren Savage Garden
20%
Dom John Roger Nick and Simon Duran Duran
17%
Andy John Rick and Francis Status Quo
15%
Tony Delious Alfred and Jamie All 4 One
11%
Noel Andrez Coree Jade and Rahsaan Damage
11%
Daniel Keith Anton Matt and Jamie One True Voice
10%
Eric Stuart Alan Derek and Les The Bay City Rollers
10%
Teddy Chauncey Levi and Dave Blackstreet
8%
Andrew Chris Mikey Peter and Nikk Phixx
6%
Bill Peter Mick and Michael R.E.M
6%
Dane Gareth Adam Kenzie and Kavana 5th Story
5%
Nathan Mark and Kieran Next Of Kin
5%
David Ally Matthew and Tony Bad Boys Inc
4%
Eric Allan Tony Bobby and Graham The Hollies
2%
No matching quizzes found
Score Distribution
Percent of People with Each Score
Percentile by Number Answered
Your Score History
You have not taken this quiz since the last reset